Casuística especializada sobre IGV. Resolución de casos prácticos (Registro nro. 21709)
[ vista simple ]
| 000 -Cabecera | |
|---|---|
| Campo de control interno | 01093nam a2200277Ia 4500 |
| 005 - Fecha y hora del registro | |
| control field | 20260420115850.0 |
| 008 - Elementos de Longitud Fija | |
| fixed length control field | 260320s9999||||xx |||||||||||||| ||und|| |
| 020 ## - ISBN | |
| ISBN | 9786123331627 |
| 041 ## - Idioma | |
| Codigo Idioma | ESP |
| 082 ## - DEWEY y NOTACIÓN INTERNA | |
| Dewey | 343.8 |
| Notación Interna | H46 V. 1 |
| 100 ## - AUTOR | |
| Autor denominación | Herrada Córdova, Marco Antonio, |
| Término de relación | autor |
| 245 #0 - TÍTULO DE MATERIAL BIBLIOGRÁFICO | |
| Título | Casuística especializada sobre IGV. Resolución de casos prácticos |
| 250 ## - EDICIÓN | |
| Edición | Primera edición |
| 260 ## - CIUDAD, EDITORIAL, AÑO | |
| Ciudad | Lima : |
| Nombre de la Editorial | Gaceta Jurídica, |
| Año | 2025 |
| 300 ## - DESCRIPCIÓN | |
| N° Páginas | 111 páginas : |
| Otros detalles | tablas, gráficos ; |
| Dimensiones | 24 cm. |
| 440 ## - MENCIÓN DE SERIE | |
| Título de la Serie | (Contadores & Empresas. Tributaria sobre IGV) |
| 650 ## - TEMAS | |
| Temas | Ciencias Sociales |
| 653 ## - DESCRIPTORES | |
| Lenguajes no controlado | Derecho tributario |
| 654 ## - PROGRAMAS | |
| Programa | Dpto. de Derecho y Ciencia Política |
| 700 ## - OTROS AUTORES | |
| Otros autores | Véliz Lázaro, Héctor Eduardo, |
| Títulos y otras palabras asociadas con el nombre | autor |
| 856 ## - URL - UBICACIÓN | |
| URI/URL: Enlace exacto del recurso | <a href="https://0u214x75q-y-https-app-vlex-com.itmsp.museknowledge.com/">https://0u214x75q-y-https-app-vlex-com.itmsp.museknowledge.com/</a> |
| Nota pública: Versión digital | <a href="Véase además: Base de datos Vlex">Véase además: Base de datos Vlex</a> |
| 856 ## - URL - UBICACIÓN | |
| URI/URL: Enlace exacto del recurso | <a href="https://legal.legis.com.pe/home/Corporativo">https://legal.legis.com.pe/home/Corporativo</a> |
| Nota pública: Versión digital | <a href=" Véase además: Base de datos Multilegis"> Véase además: Base de datos Multilegis</a> |
| 856 ## - URL - UBICACIÓN | |
| URI/URL: Enlace exacto del recurso | <a href="https://0u23gx799-y-https-contadores360-pe.itmsp.museknowledge.com/">https://0u23gx799-y-https-contadores360-pe.itmsp.museknowledge.com/</a> |
| Nota pública: Versión digital | <a href="Véase además: Base de datos Contadores 360">Véase además: Base de datos Contadores 360</a> |
| 942 ## - ELEMENTOS DE KOHA | |
| Tipo de documento | Libro |
| Nombre del creador | Justo Noguera |
| Código de catalogador | Margarita Torres |
| Esquema de clasificación | Dewey Decimal Classification |
| Codigo completo | Registro | Colección | Copia número | Disponibilidad | Tipo de préstamo | Biblioteca Actual | Procedencia (Biblioteca) | Ubicacón | Fecha Ingreso | Tipo de Adquisición | Date last seen | Total checkouts | Price effective from | Tipo de Item | Estado del Material | Fuente de Clasificación | Damaged status | Withdrawn status |
|---|---|---|---|---|---|---|---|---|---|---|---|---|---|---|---|---|---|---|
| 343.8 H46 V. 1 | 1085256 | Universidad Católica San Pablo | 1 | Disponible | Disponible | Víctor Andrés Belaunde | Víctor Andrés Belaunde | Primer piso | 07/04/2026 | Compra | 07/04/2026 | 07/04/2026 | Libro | Bueno | Dewey Decimal Classification |




